Countries who drink the most alcohol per capita - Statistics

General Stats
  • This quiz has been taken 55 times
  • The average score is 20 of 30
Answer Stats
Country % Correct
24 United Kingdom
98%
11 France
92%
17 Russia
92%
5 Germany
90%
3 Czech Republic
88%
7 Ireland
88%
12 Romania
83%
23 Hungary
81%
19 Poland
81%
21 Slovakia
81%
10 Bulgaria
79%
9 Latvia
79%
15 Luxembourg
79%
2 Lithuania
77%
13 Slovenia
77%
18 Austria
75%
1 Estonia
75%
16 Belgium
71%
14 Portugal
71%
22 Switzerland
71%
27 Belarus
69%
8 Moldova
69%
28 Serbia
69%
25 Andorra
50%
29 Cyprus
25%
6 Nigeria
23%
30 Uruguay
23%
4 Seychelles
21%
20 Gabon
8%
26 Equatorial Guinea
6%
No matching quizzes found
Score Distribution
Percent of People with Each Score
Percentile by Number Answered
Your Score History
You have not taken this quiz